Statystyki dla Flagi, które ostatecznie nie zostały przyjęte jako narodowe

Kliknij tutaj aby rozwiązać quiz!

Ogólne statystyki

  • Ten quiz został rozwiązany 120 razy
  • Średni wynik to 8 z 16

Statystyki odpowiedzi

Odpowiedź% Poprawnych
Irak
82%
Bośnia i Hercegowina
80%
Brazylia
78%
Kanada
78%
Nowa Zelandia
68%
Jamajka
65%
Australia
64%
Islandia
59%
Estonia
55%
Niemcy / RFN
35%
Kosowo
23%
Tajwan
20%
Republika Południowej Afryki
17%
Hongkong
16%
Macedonia Północna
14%
Angola
9%

Rozkład punktacji

Percentyl według liczby udzielonych odpowiedzi

Procent ludzi z każdym wynikiem

Twoja historia wyników

Nie rozwiązałeś tego quizu